Pociągi obsługiwane przez Pesę Dart - Statystyki

Ogólne statystyki
  • Ten quiz został rozwiązany 83 razy
  • Średni wynik to 11 z 42
Statystyki odpowiedzi
Numer Nazwa % Poprawnych
IC1422 Pilecki
45%
IC4122 Pilecki
45%
IC1000 Narew
42%
IC1100 Narew
42%
IC2622 Baczyński
38%
IC6122 Baczyński
38%
IC1624 Fredro
38%
IC6124 Fredro
38%
IC2620 Konopnicka
33%
IC6220 Konopnicka
33%
IC5620 Słowacki
32%
IC6520 Słowacki
32%
IC1626 Łużyce
29%
IC6126 Łużyce
29%
IC1002 Zamenhof
29%
IC1100 Zamenhof
29%
IC1628 Oleńka
27%
IC6128 Oleńka
27%
IC1620 Asnyk
26%
IC6120 Asnyk
26%
IC1200 Czartoryski
24%
IC2100 Czartoryski
24%
IC1206 Rubinstein
24%
IC9106 Rubinstein
24%
IC1530 Brda
20%
IC5130 Brda
20%
IC1902 Łęcka
20%
IC9102 Łęcka
20%
IC1908 Jagna
17%
IC9108 Jagna
17%
IC1526 Moniuszko
17%
IC5126 Moniuszko
17%
IC1904 Prząśniczka
17%
IC9104 Prząśniczka
17%
IC9110 Tuwim
17%
IC1900 Boryna
15%
IC1542 Laguna
12%
IC5142 Laguna
12%
IC11150 Kraszewski
11%
IC11152 Kraszewski
11%
IC1912 Soplica
11%
IC9112 Soplica
11%
Nie znaleziono quizów pasujących do podanych kryteriów
Rozkład punktacji
Procent ludzi z każdym wynikiem
Percentyl według liczby udzielonych odpowiedzi
Twoja historia wyników
Nie rozwiązałeś tego quizu